| 000 | 00547nam a2200205Ia 4500 | ||
|---|---|---|---|
| 005 | 20250508170015.0 | ||
| 008 | 008 250505s9999 xx 000 0 hin d | ||
| 020 | _a978-93-5000-055-7 | ||
| 037 | _aTextual | ||
| 040 |
_aFEDL _beng _cFEDL |
||
| 041 |
_ahin _2hin |
||
| 084 |
_a891.433, PRA _qFEDL |
||
| 100 |
_aPradeep Saurabh _9397974 |
||
| 245 | 0 | _aMunni mobile | |
| 260 |
_aNew Delhi, India _bVani Prakashan _c2009 |
||
| 300 | _a156p. | ||
| 365 |
_aINR _b395 |
||
| 942 |
_cTEXL _h891.433, PRA |
||
| 999 |
_c1398646 _d1398646 |
||